000
00314cam a2200133u 4500
041
_a
ENG
082
_a
294.52
_b
KRI
100
_a
Krishnananda Swami
245
0
0
_a
Mandukya Upanishad;
260
_a
Washington, D.C.,
_b
Self-realization Fellowship
_c
[1943]
300
_a
30 p.
700
0
_a
Premananda,
942
_c
BK
999
_c
22739
_d
22739